000 03356cai a22004215a 4500
001 L2024
008 030106c2003 xxkfr l ee 000 00eng d
020 _a1842191233
041 1 _aeng
_bchi
_bdut
050 4 _a333.332 $2 18
110 2 _aRoyal Institution of Chartered Surveyors
_94900
240 0 0 _aRed book
245 0 0 _aRICS appraisal and valuation standards
250 _a5th ed.
260 _aLondon
_bRICS
_c2003-
300 _a1
_fv. (loose-leaf)
_c30cm.
362 0 _a2003-
490 0 _aRICS Guidance Note
490 0 _aRICS Red Book
490 0 _aRICS Information Paper
490 0 _aRICS Practice Statement
490 0 _aRICS UK Guidance Note
490 0 _aRICS UK Practice Statement
490 0 _aRICS Valuation Information Paper
505 2 _aPart 1 - Status and application of these standards: background to these standards; relationship with international and European standards; how these standards are arranged; the principle aims of these standards; work exempt from these standards; compliance with these standards; departures from practice statements; effective date, amendments and additions
505 2 _aPart 2 - Glossary of terms used in Parts 3 and 4
505 2 _aPart 3 - Practice statements: PS1 qualifications and conflicts of interest; PS2 agreement of terms of engagement; PS3 valuation bases and applications; PS4 inspections and material considerations; PS5 valuation reports and published references to them; PS6 European Union valuation applications
505 2 _aPart 4 - Guidance notes: GN1 trade-related valuations and goodwill; GN2 plant and machinery; GN3 valuations of portfolios and groups of properties; GN4 mineral-bearing land and waste management sites
505 2 _aPart 5 - UK practice statements: UKPS1 valuations for financial statements; UKPS2 valuations for financial statements - specific applications; UKPS3 valuations for loan facilities; UKPS4 residential property valuations (other than for mortgage purposes); UKPS5 regulated purpose valuations
505 2 _aPart 6 UK guidance notes: UKGN1 inspections and material considerations; UKGN2 shared ownership of residential property; UKGN3 valuations for Capital Gains Tax (CGT) and Inheritance Tax (IHT); UKGN4 disposals by charities; UKGN5 Local authority disposals at an under value; UKGN6 valuations for collective enfranchisement and leasehold reform; UKGN7 vaulations under the Settled Land Act 1925
520 _aPart 6 UK guidance notes: UKGN1 inspections and material considerations; UKGN2 shared ownership of residential property; UKGN3 valuations for Capital Gains Tax (CGT) and Inheritance Tax (IHT); UKGN4 disposals by charities; UKGN5 Local authority disposals at an under value; UKGN6 valuations for collective enfranchisement and leasehold reform; UKGN7 vaulations under the Settled Land Act 1925
520 _aSuperseded by the "RICS valuation standards" (ISBN 9781842193426). Supersedes the "RICS appraisal and valuation manual" (ISBN 0854066993). The "Red book online" catalogued seperately (ISBN 1842191241).
650 2 4 _aRICS appraisal and valuation standards
651 4 _aInternational
690 _aPROPERTY-PROPERTY APPRAISAL AND VALUATION
856 4 1 _uhttps://www.isurv.com/site/scripts/download_info.php?downloadID=390
_zArchived on isurv (subscription required)
942 _n0
_2ddc
999 _c118765
_d118765